Automatyzacja bibliotek Wybór materiałów z konferencji Automatyzacja Bibliotek. Wrocław, 11-13 Grudnia 1992 ; Z angel. tłum. P. Pękala, Z. Dobrowolski

Bibliographic Details
Other Authors: Pękala, P. (Translator), Dobrowolski, Z. (Translator)
Format: Book
Language:Polish
PhysicalDescription:62 s. 24 cm
Published: Wrocław Uniwersytet Wrocławski 1993
ISBN:8385220186

MARC

LEADER 00000nam a2200000 a 4500
001 vtls001170719
003 SK-MaSNL
005 20260301063348.0
008 250414s1993 pl 0 pol
020 |a 8385220186 
035 |a SNK000113700 
040 |a SNK  |b slo  |c SNK  |e AACR2 
041 0 |a pol 
044 |a pl  |c PL 
080 |a 02:681.3  |2 1981 
080 |a 681.3  |2 1981 
245 0 0 |a Automatyzacja bibliotek  |b Wybór materiałów z konferencji Automatyzacja Bibliotek. Wrocław, 11-13 Grudnia 1992 ; Z angel. tłum. P. Pękala, Z. Dobrowolski 
260 |a Wrocław  |b Uniwersytet Wrocławski  |c 1993 
300 |a 62 s.  |c 24 cm 
700 1 |a Pękala, P.  |4 trl  |9 379013 
700 1 |a Dobrowolski, Z.  |4 trl  |9 379014 
852 |a Slovenská národná knižnica 
919 |a 83-85220-18-6 
954 |a knižnice  |a automatizácia 
999 |c 623757  |d 625687 
952 |t P60, <04>, [BOOK], {604}  |a SNK  |b SNK  |y VYP  |7 0  |p 17A0335851  |o snkIC 124361  |i snkV 2616/94  |0 0  |1 0  |4 0  |d 2002-02-28  |l 0  |r 2005-01-01 00:00:00  |w 2026-02-23